HANDBOOK OF EXPERMENTAL PHARMACOLOGY (Record no. 268161)

MARC details
000 -LEADER
fixed length control field 00297pam a2200121a 44500
008 - FIXED-LENGTH DATA ELEMENTS--GENERAL INFORMATION
fixed length control field 230405s2022 xxu||||| |||| 00| 0 eng d
041 ## - LANGUAGE CODE
Language code of text/sound track or separate title ENG
100 ## - MAIN ENTRY--PERSONAL NAME
Personal name S.K. KULKARNAI
245 ## - TITLE STATEMENT
Title HANDBOOK OF EXPERMENTAL PHARMACOLOGY
260 ## - PUBLICATION, DISTRIBUTION, ETC.
Place of publication, distribution, etc.
Name of publisher, distributor, etc. VALLABH PRAKASHAN
Date of publication, distribution, etc. 2022
300 ## - PHYSICAL DESCRIPTION
Extent 279
906 ## - LOCAL DATA ELEMENT F, LDF (RLIN)
a 2722
Holdings
Withdrawn status Lost status Damaged status Not for loan Collection Home library Current library Date acquired Source of acquisition Cost, normal purchase price Total Checkouts Barcode Date last seen Date last checked out Price effective from Koha item type
          College of Pharmacy, Kolhapur College of Pharmacy, Kolhapur 14/04/2023 BHARATI MADHYVARTI SAHAKARI GRAHAK BHANDAR LTD 210.00 1 PCK-DI-14 09/10/2024 08/10/2024 14/04/2023 Book